Euro postup a důsledky zavádění nové měny pro banky, podniky a občany
Salvato in:
| Autore principale: | |
|---|---|
| Natura: | Libro |
| Lingua: | ceco |
| Pubblicazione: |
Praha
Profess Consulting
[2001]
|
| Soggetti: | |
| Tags: |
Nessun Tag, puoi essere il primo ad aggiungerne!!
|
MARC
| LEADER | 00000nam$a2200000$$$4500 | ||
|---|---|---|---|
| 001 | 0060026 | ||
| 005 | 20221129100913.5 | ||
| 020 | |a 80-7259-000-6 | ||
| 041 | 0 | |a cze | |
| 044 | |a CZ | ||
| 245 | 1 | 0 | |a Euro |b postup a důsledky zavádění nové měny pro banky, podniky a občany |c Slavoj Czesaný |
| 264 | 1 | |a Praha |b Profess Consulting |c [2001] | |
| 300 | |a 94 s. | ||
| 610 | 2 | 0 | |a euro |
| 610 | 2 | 0 | |a Európska menová únia |
| 610 | 2 | 0 | |a Európska centrálna banka |
| 610 | 2 | 0 | |a politika menová |
| 610 | 2 | 0 | |a Česko |
| 610 | 2 | 0 | |a sústava banková |
| 610 | 2 | 0 | |a trh finančný |
| 100 | 1 | |a Czesaný, Slavoj | |